00477nam a2200193Ia 4500008004100000020001800041050001400059100001300073245002100086245005200107260001500159260001600174260000900190300001500199300002700214300001000241440002400251500000800275170918s9999 xx 000 0 und d a9780545253109 bR888 2010 aRoy, Ron aMarch mischief / cby Ron Roy ; illustrated by John Steven Gurney. aNew York : bScholastic, c2010 a66 pages : bcolored illustration ; c19cm. aCalendar mysteries. a410